[Event "Medellin Easter op 11th"]
[Site "Medellin"]
[Date "2023.04.05"]
[Round "1"]
[White "Orrego Sucerquia, Tatiana"]
[Black "Penate, Aldair"]
[Result "0-1"]
[WhiteElo "1539"]
[BlackElo "1856"]
[PlyCount "50"]
[EventDate "2023.04.05"]
[EventType "swiss"]
[EventRounds "7"]
[EventCountry "COL"]
[SourceTitle "CBM 213 Extra"]
[Source "ChessBase"]
[SourceDate "2023.05.31"]
[SourceVersion "1"]
[SourceVersionDate "2023.05.31"]
[SourceQuality "1"]

1. d4 d5 2. c4 c6 3. Nf3 Nf6 4. Nc3 dxc4 5. e4 b5 6. a3 e6 7. Bg5 Be7 8. Be2 Bb7 9. 0-0 a6 10. b4 h6 11. Bxf6 gxf6 12. Ne1 a5 13. Nc2 axb4 14. axb4 Na6 15. Na2 Qb6 16. Qd2 Rd8 17. Qc3 Rg8 18. Rfd1 Rg5 19. f4 Rg7 20. Kh1 Kf8 21. Qh3 Kg8 22. Rab1 Bc8 23. Qf3 f5 24. e5 Bb7 25. Qe3 c5 0-1